Собрание сочинений. Т. 2: ˆ[‰Повести. Рассказы (Запись № 5453612)

Подробности
000 -МАРКЕР
контрольное поле 02488nam2a22003851 4500
001 - ИДЕНТИФИКАТОР ЗАПИСИ
контрольное поле rc\540560
005 - ИДЕНТИФИКАТОР ВЕРСИИ
контрольное поле 20250621165956.0
035 ## - ДРУГИЕ СИСТЕМНЫЕ НОМЕРА
Идентификатор записи (NLR Aleph) 005818389
100 ## - ДАННЫЕ ОБЩЕЙ ОБРАБОТКИ
Данные общей обработки 20030616d1987 |||y0rusy50 ca
101 0# - ЯЗЫК РЕСУРСА
Язык текста, звукозаписи и т.д. русский
102 ## - СТРАНА ПУБЛИКАЦИИ ИЛИ ПРОИЗВОДСТВА
Страна публикации Российская Федерация
105 ## - ПОЛЕ КОДИРОВАННЫХ ДАННЫХ: ТЕКСТОВЫЕ МАТЕРИАЛЫ, МОНОГРАФИЧЕСКИЕ
Кодированные данные о монографическом текстовом документе a |||||||||
200 1# - ЗАГЛАВИЕ И СВЕДЕНИЯ ОБ ОТВЕТСТВЕННОСТИ
Основное заглавие ˆ[‰Повести. Рассказы
Первые сведения об ответственности Примеч. В. Линкова]
210 ## - ПУБЛИКАЦИЯ, РАСПРОСТРАНЕНИЕ И ДР.
Дата издания, распространения и т.д. 1987
Место издания, распространения и т.д. Б. м.
215 ## - ФИЗИЧЕСКАЯ ХАРАКТЕРИСТИКА
Специфическое обозначение материала и объем 526, [2] с., [4] л. цв. ил.
Размеры 21
320 ## - ПРИМЕЧАНИЯ О НАЛИЧИИ В ДОКУМЕНТЕ БИБЛИОГРАФИИ / УКАЗАТЕЛЯ
Текст примечания Библиогр. в примеч.: с. 511-527
327 1# - ПРИМЕЧАНИЯ О СОДЕРЖАНИИ
Текст примечания Содерж.: Севастополь в декабре месяце; Севастополь в мае; Севастополь в августе 1855 года; Два гусара; Из записок князя Д. Нехлюдова. Люцерн; Альберт; Три смерти; Семейное счастье; Поликушка; Неоконченное
461 10 - УРОВЕНЬ НАБОРА
Встроенное поле 001rc\540558
-- 2001#$aСобрание сочинений$eВ 12 т.$fЛ.Н. Толстой$g[Под общ. ред. С.А. Макашина, Л.Д. Опульской$gВступ. ст. Л.Опульской, с. 3-38$gИл. П. Пинкисевича]$vТ. 2
-- 700#1$aТолстой$bЛ. Н.$gЛев Николаевич$f1828-1910$3RU\NLR\AUTH\771515
Системный номер (АБИС) связанной записи 5453595
Автор Толстой, Л. Н. (1828-1910)
Место публикации М.
Дата публикации 1987-
Первые сведения об ответственности Л.Н. Толстой
Имя издателя, распространителя и т.д. Правда
Сведения, относящиеся к заглавию В 12 т.
Заглавие Собрание сочинений
Номер тома Т. 2
464 #0 - АНАЛИТИЧЕСКИЙ УРОВЕНЬ
Встроенное поле 2001#$aСевастополь в декабре месяце
Заглавие Севастополь в декабре месяце
464 #0 - АНАЛИТИЧЕСКИЙ УРОВЕНЬ
Встроенное поле 2001#$aСевастополь в мае
Заглавие Севастополь в мае
464 #0 - АНАЛИТИЧЕСКИЙ УРОВЕНЬ
Встроенное поле 2001#$aСевастополь в августе 1855 года
Заглавие Севастополь в августе 1855 года
464 #0 - АНАЛИТИЧЕСКИЙ УРОВЕНЬ
Встроенное поле 2001#$aДва гусара
Заглавие Два гусара
464 #0 - АНАЛИТИЧЕСКИЙ УРОВЕНЬ
Встроенное поле 2001#$aИз записок князя Д. Нехлюдова. Люцерн
Заглавие Из записок князя Д. Нехлюдова. Люцерн
464 #0 - АНАЛИТИЧЕСКИЙ УРОВЕНЬ
Встроенное поле 2001#$aАльберт
Заглавие Альберт
464 #0 - АНАЛИТИЧЕСКИЙ УРОВЕНЬ
Встроенное поле 2001#$aТри смерти
Заглавие Три смерти
464 #0 - АНАЛИТИЧЕСКИЙ УРОВЕНЬ
Встроенное поле 2001#$aСемейное счастье
Заглавие Семейное счастье
464 #0 - АНАЛИТИЧЕСКИЙ УРОВЕНЬ
Встроенное поле 2001#$aПоликушка
Заглавие Поликушка
464 #0 - АНАЛИТИЧЕСКИЙ УРОВЕНЬ
Встроенное поле 2001#$aНеоконченное
Заглавие Неоконченное
801 #0 - ИСТОЧНИК ЗАПИСИ
Страна Российская Федерация
Организация NLR
Правила каталогизации psbo
801 #1 - ИСТОЧНИК ЗАПИСИ
Страна Российская Федерация
Организация ELAR
Источник данных rusmarc
852 ## - МЕСТОНАХОЖДЕНИЕ И ШИФР ХРАНЕНИЯ
Идентификатор организации NLR
Шифр хранения (Call Number) 87-3/933
942 ## - ДОПОЛНИТЕЛЬНЫЕ ЭЛЕМЕНТЫ ЗАПИСИ (АБИС)
Тип экземпляра АБИС Книга
980 ## - КОЛЛЕКЦИЯ
Название коллекции Национальная библиография
Экземпляры
Тип экземпляра Дата поступления Библиотека постоянного хранения Библиотека текущего хранения Место хранения Шифр хранения Штрих-код Статус экземпляра
Книга 26.10.2013 РНБ (Московский) РНБ (Московский) Русский книжный фонд: издания с 1957 года 87-3/933 5818389-10